| 000 | 00427cam a22001097a 4500 | ||
|---|---|---|---|
| 008 | 180718b1972 xxu||||| |||| 00| 0 eng d | ||
| 082 | _aL2501x54 In2 | ||
| 245 |
_aHandbook on self removal procedure under the central excise rules, 1944 _cby Central Board of Excise and Customs, India |
||
| 260 |
_aDelhi _bCentral Excise Reorganisation Committee _c1972 |
||
| 300 | _a64+p. | ||
| 700 | _aIndia. Central Excise Reorganisation Committee | ||
| 999 |
_c500277 _d500277 |
||